| Tag |
First Indicator |
Second Indicator |
Subfields |
| LEADER |
00000cam a2200000 i 4500 |
| 001 |
in00005741513 |
| 005 |
20260326173527.9 |
| 006 |
m o d |
| 007 |
cr bn||||||ada |
| 008 |
100402s1967 enka ob 100 0 eng d |
| 010 |
|
|
|z 66027643
|
| 040 |
|
|
|a OCLCE
|b eng
|e pn
|c OCLCE
|d OCLCQ
|d OCLCF
|d UIU
|d N$T
|d OPELS
|d OCLCQ
|d OCLCA
|d OCLCQ
|d INARC
|d COM
|d OCLCO
|d OCLCQ
|d OCL
|d OCLCO
|d OCLCL
|d OCLCO
|
| 019 |
|
|
|a 300802445
|a 974615565
|a 974662251
|a 1151082541
|
| 020 |
|
|
|a 9781483152356
|q (electronic bk.)
|
| 020 |
|
|
|a 1483152359
|q (electronic bk.)
|
| 020 |
|
|
|z 9780080121222
|
| 020 |
|
|
|z 0080121225
|
| 035 |
|
|
|a (OCoLC)596216082
|z (OCoLC)300802445
|z (OCoLC)974615565
|z (OCoLC)974662251
|z (OCoLC)1151082541
|
| 042 |
|
|
|a dlr
|
| 050 |
|
4 |
|a QH543.5
|b .I57 1966
|
| 060 |
|
4 |
|a WN 415
|b I63r 1966
|
| 072 |
|
7 |
|a SCI
|x 008000
|2 bisacsh
|
| 082 |
0 |
4 |
|a 574.1/915
|
| 049 |
|
|
|a TXAM
|
| 111 |
2 |
|
|a International Symposium on Radioecological Concentration Processes
|d (1966 :
|c Stockholm, Sweden)
|
| 245 |
1 |
0 |
|a Radioecological concentration processes :
|b proceedings /
|c edited by Bertil Aberg and Frank P. Hungate.
|
| 250 |
|
|
|a [1st ed.].
|
| 260 |
|
|
|a Oxford ;
|a New York :
|b Symposium Publications Division, Pergamon Press,
|c [1967]
|
| 300 |
|
|
|a 1 online resource (xiv, 1040 pages) :
|b illustrations
|
| 336 |
|
|
|a text
|b txt
|2 rdacontent
|
| 337 |
|
|
|a computer
|b c
|2 rdamedia
|
| 338 |
|
|
|a online resource
|b cr
|2 rdacarrier
|
| 504 |
|
|
|a Includes bibliographical references.
|
| 538 |
|
|
|a Master and use copy. Digital master created according to Benchmark for Faithful Digital Reproductions of Monographs and Serials, Version 1. Digital Library Federation, December 2002.
|u http://purl.oclc.org/DLF/benchrepro0212
|5 MiAaHDL
|
| 583 |
1 |
|
|a digitized
|c 2010
|h HathiTrust Digital Library
|l committed to preserve
|2 pda
|5 MiAaHDL
|
| 588 |
0 |
|
|a Print version record.
|
| 650 |
|
0 |
|a Radioecology.
|
| 650 |
|
0 |
|a Radioactive fallout.
|
| 650 |
|
0 |
|a Radiobiology.
|
| 650 |
|
0 |
|a Radioisotopes.
|
| 650 |
|
2 |
|a Radioactive Fallout
|
| 650 |
|
2 |
|a Radiobiology
|
| 650 |
|
2 |
|a Radioisotopes
|
| 650 |
|
6 |
|a Radioécologie.
|
| 650 |
|
6 |
|a Retombées radioactives.
|
| 650 |
|
6 |
|a Radiobiologie.
|
| 650 |
|
6 |
|a Isotopes radioactifs.
|
| 650 |
|
7 |
|a SCIENCE
|x Life Sciences
|x Biology.
|2 bisacsh
|
| 650 |
|
7 |
|a Radioisotopes
|2 fast
|
| 650 |
|
7 |
|a Radiobiology
|2 fast
|
| 650 |
|
7 |
|a Radioactive fallout
|2 fast
|
| 650 |
|
7 |
|a Radioecology
|2 fast
|
| 655 |
|
7 |
|a Electronic books.
|2 local
|
| 655 |
|
2 |
|a Congress
|
| 655 |
|
7 |
|a proceedings (reports)
|2 aat
|
| 655 |
|
7 |
|a Conference papers and proceedings
|2 fast
|
| 655 |
|
7 |
|a Conference papers and proceedings.
|2 lcgft
|
| 655 |
|
7 |
|a Actes de congrès.
|2 rvmgf
|
| 700 |
1 |
|
|a Åberg, Bertil,
|e editor.
|
| 700 |
1 |
|
|a Hungate, Frank P.,
|e editor.
|
| 710 |
2 |
|
|a ScienceDirect (Online service)
|
| 710 |
2 |
|
|a Svenska nationalkommittén för strålskyddsforskning.
|1 https://id.oclc.org/worldcat/entity/E39QH7JmqJwrRkTKqdKHgYkXM6
|
| 776 |
0 |
8 |
|i Print version:
|a International Symposium on Radioecological Concentration Processes (1966 : Stockholm, Sweden).
|t Radioecological concentration processes.
|b [1st ed.].
|d Oxford, New York, Symposium Publications Division, Pergamon Press [1967]
|w (DLC) 66027643
|w (OCoLC)1320136
|
| 856 |
4 |
0 |
|u http://proxy.library.tamu.edu/login?url=https://www.sciencedirect.com/science/book/9780080121222
|z Connect to the full text of this electronic book
|t 0
|
| 955 |
|
|
|a Elsevier ScienceDirect 2026-2027
|
| 994 |
|
|
|a 92
|b TXA
|
| 999 |
f |
f |
|i 89460c69-294f-4990-b7de-5aab61db0a73
|s 9ee278ad-7979-47b7-bc81-2d660473f8b0
|t 0
|
| 952 |
f |
f |
|a Texas A&M University
|b College Station
|c Electronic Resources
|s www_evans
|d Available Online
|t 0
|e QH543.5 .I57 1966
|h Library of Congress classification
|
| 998 |
f |
f |
|a QH543.5 .I57 1966
|t 0
|l Available Online
|